000 00887cam a2200265 a 4500
003 OSt
005 20210818181504.0
008 161025s2003 ck a jr 000 1 spa d
020 _a9583010669
040 _bspa
_aCOMFC
_erda
041 _aspa
245 1 _aCuentos de fantasmas
_cselección y traducción Verónica Arciniegas ; ilustraciones Jairo Linares
264 0 1 _aBogotá
_bPanamericana
_c2003
300 _a138 páginas,
_bilustraciones,
_c18 cm.
336 _2rdacontent
_atxt
337 _2rdamedia
_an
338 _2rdacarrier
_anc
490 _aEl pozo y el péndulo
700 1 _949235
_aArciniegas, Veronica
700 1 _949173
_aLinares Landinez, Jairo
_eill
082 0 4 _a808.83
_bC965c
650 0 _915481
_aFantasmas
_vCuentos
_xColecciones
650 0 _910619
_aCuentos
_vColecciones
942 _2ddc
_h808.83 C965c
_k808.83
_mC965c
999 _c10777
_d10777